000 00612nam a2200217Ii 4500
003 JO-AjNU
008 230606s9999||||xx |||||||||||||| ||und||
020 _a978-007-108902-
040 _aJO-AjNU
_beng
_erda
_cJO-AjNU
041 _aeng
050 1 4 _aQC611.N39.2012
100 3 _aNeamen,Donald ,
_eauthor
_94107
245 0 0 _aSemiconductor physics and Devices
250 _a4 ed
264 3 1 _aLondon:Mcgraw hill,2012
300 _a758p
336 _atext
_btxt
_2rdacontent
337 _aunmediated
_bn
_2rdamedia
338 _avolume
_bnc
_2rdacarrier
650 4 _aSemiconductor physics and Devices
_94108
999 _aE2137
_c2136
_d2136